000 01592nam a22002537a 4500
999 _c63426
_d63426
003 Ge_BSU
005 20251007183937.0
008 251007s2020 ge ||||| |||| 00| 0 geo d
020 _a9789941958946
041 _ageo
080 _a005.64 შ-23
100 _aშაპირო, მერი
_925953
245 _a HBR-ის გზამკვლევი გუნდის მართვაში :
_bწაახალისეთ ჯანსაღი კონკურენცია. ნათლად გამიჯნეთ მოვალობები. დააბალანსეთ უნარები და მუსაობის სტილი/
_cმერი შაპირო; მათარგმნელი სალომე ბენიძე;რედაქტორი ანი გაგუა; დიზაინერი თ. ჭაბუკიანი
264 _aთბილისი :
_bHarvard Business Reviev Press,
_c2020.
300 _a175 გვ.;
_b23 სმ.
490 _aმეტი, ვიდრე გზამკვლევი.
653 _aბიზნესლიტერატურა
653 _aკონკურენცია
653 _aუნარები და მუშაობის სტილი
700 _aბენიძე, სალომე
_eმათარგმნელი
_925954
700 _aგაგუა, ანი
_eრედაქტორი
_925951
700 _aჭაბუკიანი, თ.
_eდიზაინერი
_925955
942 _2udc
_cᲬᲘᲒᲜᲘ